European Cities - Grid Click - Statistics

General Stats
  • This quiz has been taken 94 times
  • The average score is 32 of 50
Answers on the Map
Answers color-coded by a green-red scale on the quiz's map according to % correct below.
 
Answer Stats
Answer % Correct
Copenhagen
91%
Hamburg
89%
Leipzig
88%
Porto
88%
Marseille
87%
Thessaloniki
86%
Tallinn
83%
Bruges
82%
Edinburgh
82%
Prague
82%
Salzburg
82%
Wolverhampton
82%
Pristina
80%
Cork
79%
Ljubljana
79%
Valencia
79%
Cluj-Napoca
75%
Clermont-Ferrand
71%
Eindhoven
71%
Cagliari
70%
Padua
70%
Gothenburg
68%
Sevastopol
66%
Lviv
64%
Novi Sad
64%
Bari
63%
Kaunas
63%
Patras
63%
Geneva
59%
Varna
59%
Katowice
58%
Mariupol
58%
Murmansk
58%
Tampere
58%
Tiraspol
55%
Debrecen
54%
A Coruña
51%
Lublin
50%
Metz
49%
Trondheim
49%
Durrës
47%
Rostov-on-Don
47%
Augsburg
45%
Oulu
43%
Ryazan
43%
Zaragoza
42%
Aberdeen
39%
Córdoba
28%
Gomel
17%
Győr
16%
No matching quizzes found
Score Distribution
Percent of People with Each Score
Percentile by Number Answered
Your Score History
You have not taken this quiz